| 000 -LEADER | |
|---|---|
| fixed length control field | 00420nam a22001697a 4500 |
| 005 - DATE AND TIME OF LATEST TRANSACTION | |
| control field | 20200314145743.0 |
| 008 - FIXED-LENGTH DATA ELEMENTS--GENERAL INFORMATION | |
| fixed length control field | 200314b xxu||||| |||| 00| 0 eng d |
| 020 ## - INTERNATIONAL STANDARD BOOK NUMBER | |
| ISBN | 9788123908941 |
| 041 ## - LANGUAGE CODE | |
| Language code of text/sound track or separate title | eng |
| 082 ## - DEWEY DECIMAL CLASSIFICATION NUMBER | |
| Classification number | 615.4 |
| 100 ## - MAIN ENTRY--AUTHOR NAME | |
| Personal name | NAND, PRATIBHA |
| 245 ## - TITLE STATEMENT | |
| Title | PHARMACEUTICAL DISPENSING |
| 250 ## - EDITION STATEMENT | |
| Edition statement | 1'ST |
| 260 ## - PUBLICATION, DISTRIBUTION, ETC. (IMPRINT) | |
| Place of publication | DELHI |
| Name of publisher | CBS PUBLICATION AND DISTRIBUTORS |
| Year of publication | 2019 |
| 650 ## - SUBJECT ADDED ENTRY--TOPICAL TERM | |
| Topical Term | PHARMACY |
| 942 ## - ADDED ENTRY ELEMENTS (KOHA) | |
| Koha item type | Books |
| Lost status | Damaged status | Collection code | Home library | Current library | Shelving location | Date acquired | Full call number | Accession Number | Koha item type | Source of acquisition |
|---|---|---|---|---|---|---|---|---|---|---|
| Reference | JRU Library | JRU Library | SHELF-4-E | 14/03/2020 | 615.4 | 23637 | Books | |||
| PHARMACY | JRU Library | JRU Library | Shelf - 22- B | 14/03/2020 | 615.4 | 23638 | Books | |||
| PHARMACY | JRU Library | JRU Library | Shelf - 22- B | 14/03/2020 | 615.4 | 23639 | Books | PURCHASE | ||
| PHARMACY | JRU Library | JRU Library | Shelf - 22- B | 14/03/2020 | 615.4 | 23640 | Books | |||
| PHARMACY | JRU Library | JRU Library | Shelf - 22- B | 14/03/2020 | 615.4 | 23641 | Books |